| 000 | 00389nam a22001457a 4500 | ||
|---|---|---|---|
| 020 | _a9788121929639 | ||
| 082 | _a621.37 RAJ | ||
| 100 |
_aRajput, R.K _9936 |
||
| 245 | _aElectrical measurements and measuring instruments | ||
| 250 | _a2nd | ||
| 260 |
_aIndia _bS.Chand _c2018 |
||
| 300 | _axxi,767 P | ||
| 650 |
_aElectrical Measurements and Measuring Instruments _969529 |
||
| 942 | _cBK | ||
| 999 |
_c576769 _d576769 |
||